Os histéricos : uma novela /
Guardado en:
| Hovedforfatter: | |
|---|---|
| Format: | Ukendt |
| Sprog: | Portuguese |
| Udgivet: |
Sao Paulo, Brasil :
Companhia das Letras,
1993.
|
| Fag: | |
| Tags: |
Tilføj Tag
Ingen Tags, Vær først til at tagge denne postø!
|
MARC
| LEADER | 000000000a22000000004500 | ||
|---|---|---|---|
| 001 | 014299 | ||
| 020 | |a 8571642923 | ||
| 041 | 0 | |a por | |
| 082 | 0 | 4 | |a Br869.3 |b C672h |
| 100 | 1 | |a Coelho Netto, Jose Teixeira, |d 1944- | |
| 245 | 1 | 3 | |a Os histéricos : |b uma novela / |c Jose Teixeira Coelho Netto. |
| 260 | 1 | |a Sao Paulo, Brasil : |b Companhia das Letras, |c 1993. | |
| 300 | |a 187 páginas ; |c 21 cm. | ||
| 650 | 4 | |a LITERATURA BRASILEÑA | |
| 650 | 4 | |a NOVELA | |
| 500 | |a Colección George Yúdice | ||
| 999 | |c 20193 |d 20193 | ||
| 942 | |c BK |h Br869.3 C672h |2 z | ||



